LEADER 01280nam a2200289 a 4500 001 000000154019 003 CaOOAMICUS 005 20160916151003.0 008 160916s2000 sp u000 u spa r 020 $a84-89764-42-5* 032 $aLibriCat 040 $aPUL$bita 100 1 $aGarcia-Pardo, David.$0(OLS)http://pul/name/98047 245 13$aLa proteccion internacional de la libertad religiosa / $cDavid Garcia-Pardo . 260 $aMadrid :$bServicio Publicaciones, Facultad Derecho, Universidad Complutense,$c©2000. 300 $a161 p. ; $c22 cm. 490 1 $aM-Monografia 504 $aBibliografia in nota a piè pagina. 650 4$aLibertà religiosa$xDiritto internazionale.$0(OLS)http://pul/subject/42714 830 0$aM-Monografia.$0(OLS)http://pul/title/193597 850 $aPUL 852 $aPUL$W1$xDP1 Fondo G. Barberini$y122$m4 E 9$j177014$qFondi$B179994$CPULBib$Z2$F179994 $HBar1720 $81 941 1 $a1 996 $6020$a84-89764-42-5*$9(OLS)http://pul/number/161072 996 $6245$aLa proteccion internacional de la libertad religiosa / $9(OLS)http://pul/title/193596 996 $6260$aMadrid :$bServicio Publicaciones, Facultad Derecho, Universidad Complutense$9(OLS)http://pul/publisher/80066 LEADER 01287nam a2200313 a 4500 001 000000172040 003 CaOOAMICUS 005 20190613111745.0 008 190613s2018 it u000 u ita r 020 $a978-88-01-04717-2* 032 $aLibriCat 040 $aPUL$bita 082 04$a227 100 1 $aDoglio, Claudio.$0(OLS)http://pul/name/76222 245 13$aLa testimonianza del discepolo : $bintroduzione alla letteratura giovannea / $cClaudio Doglio. 260 $aTorino :$bElledici,$c©2018. 300 $a358 p. ;$c22 cm 490 1 $aGraphé ;$v09 504 $aBibliografia p. 445-447. 630 04$aBiblia.$pN.T.$pIohannes$xCritica e interpretazione.$0(OLS)http://pul/subject/37920 830 0$aGraphé ;$v09.$0(OLS)http://pul/title/174483 850 $aPUL 852 $aPUL$W1$xSL Religione 3$y85$m220 COLL 9.9$j195949$qDDC 21$B200733$CPULBib$Z2$F200733 $H132891 $82 941 1 $a9 996 $6020$a978-88-01-04717-2*$9(OLS)http://pul/number/166178 996 $6082$a227$9(OLS)http://pul/classification/522 996 $6245$aLa testimonianza del discepolo : $bintroduzione alla letteratura giovannea / $9(OLS)http://pul/title/212921 996 $6260$aTorino :$bElledici$9(OLS)http://pul/publisher/67321